Normal view
MARC view
Entry Personal Name
001 - CONTROL NUMBER
- control field: 1035410
003 - CONTROL NUMBER IDENTIFIER
- control field: OSt
005 - DATE AND TIME OF LATEST TRANSACTION
- control field: 20260121160721.0
008 - FIXED-LENGTH DATA ELEMENTS
- fixed length control field: 260121|| aca||aabn | a|a d
040 ## - CATALOGING SOURCE
- Original cataloging agency: OSt
- Transcribing agency: OSt
100 ## - HEADING--PERSONAL NAME
- Personal name: Miguel Angel Gardetti; Mar¡a Eugenia Gir¢n
670 ## - SOURCE DATA FOUND
- Source citation: Work cat.: (OSt)1602226: Miguel Angel Gardetti; Mar¡a Eugenia Gir¢n , Sustainable Luxury and Social Entrepreneurship Volume II
